Fair trade a etická spotreba slovenských spotrebiteľov

Objasnenie samotnej problematiky spravodlivého obchodu a poukázanie na základe výsledkov z prieskumu ako slovenskí spotrebitelia hodnotia kvalitu výrobkov Fair Trade a akú dôležitú úlohu zohráva etický pôvod výrobkov pri ich nákupnom rozhodovaní.

Salvato in:
Dettagli Bibliografici
Autore principale: Klepochová, Dagmar, 1968-
Natura: Capitolo di libro
Lingua:slovacco
Soggetti:
Tags: Aggiungi Tag
Nessun Tag, puoi essere il primo ad aggiungerne!!

MARC

LEADER 00000nla$a2200000$$$4500
001 0145658
005 20240502072628.0
041 0 |a slo 
044 |a SK 
245 1 0 |a Fair trade a etická spotreba slovenských spotrebiteľov  |c Dagmar Klepochová 
520 |a Objasnenie samotnej problematiky spravodlivého obchodu a poukázanie na základe výsledkov z prieskumu ako slovenskí spotrebitelia hodnotia kvalitu výrobkov Fair Trade a akú dôležitú úlohu zohráva etický pôvod výrobkov pri ich nákupnom rozhodovaní. 
610 2 0 |a obchod 
610 2 0 |a kvalita výrobkov 
610 2 0 |a etika 
610 2 0 |a spotrebitelia 
610 2 0 |a Slovensko 
100 1 |a Klepochová, Dagmar, 1968-